000 00350nam a2200133Ia 4500
005 20260326235454.0
008 260326s9999||||xx |||||||||||||| ||und||
100 _aRosenau, Helen
245 4 _aThe Ideal City :
_b It´s Architectural evolution /
_cHelen Rosenau
260 _bStudio Vista
300 _a176 p.
650 _aDISEÑO URBANO
942 _cBK
999 _c7888
_d7888